|
|
|
|
| LEADER |
00800cam a2200229 7i4500 |
| 001 |
0000003865 |
| 005 |
20170218090000.0 |
| 020 |
|
|
|a 9780324016390
|
| 020 |
|
|
|a 0324016395 (hbk.)
|
| 090 |
0 |
0 |
|a HG4026
|b .H53 2002
|
| 100 |
1 |
|
|a Hickman, Kent A
|
| 245 |
1 |
0 |
|a Foundations of corporate finance
|c Kent A. Hickman, Hugh O. Hunter, John W. Byrd.
|
| 250 |
|
|
|a 2nd ed.
|
| 260 |
|
|
|a Cincinnati:
|b South-Western College Pub.,
|c 2002.
|
| 300 |
|
|
|a xxi, 512 p.:
|b col. ill.;
|c 27 cm..
|
| 504 |
|
|
|a Includes bibliographical references and index
|
| 650 |
0 |
0 |
|a Corporations --
|x Finance
|
| 700 |
1 |
|
|a Byrd, John W
|
| 700 |
1 |
|
|a Hunter, Hugh O
|
| 997 |
|
|
|a Business & Accountancy, Faculty
|
| 999 |
|
|
|a 0000010023
|b BOK
|c OPEN SHELF
|e 1st Floor, Shah Alam
|
| 999 |
|
|
|a 0000065113
|b BOK
|c OPEN SHELF
|e 1st Floor, Shah Alam
|